| 000 | 00903nac a22002417a 4500 | ||
|---|---|---|---|
| 001 | BR8502223 | ||
| 003 | BR-BrBNA | ||
| 005 | 20240105120311.0 | ||
| 008 | 230509b bl.|||m| |||| 00| 0 por d | ||
| 040 |
_aBR-BrBNA _bpor _cBiblioteca Nacional de Agricultura |
||
| 072 | _aA50 | ||
| 090 | _aA50 BR8502223 | ||
| 100 | 1 | _aAlves, E.R. de A. | |
| 100 | 1 | _aYeganiantz (ed.) | |
| 110 | 1 |
_aEmpresa Brasileira de Pesquisa Agropecuaria, Brasilia, DF (Brasil). Depto. de Estudos e Pesquisas _93844 |
|
| 245 | 1 | _aPesquisa agropecuaria. Volume 1 Perspectiva historica e desenvolvimento institucional [Brasil] | |
| 260 | 3 |
_aBrasilia, DF (Brasil): _c1985. |
|
| 300 | _a540 p. | ||
| 490 |
_aDocumentos - Empresa Brasileira de Pesquisa Agropecuaria. Depto. de Estudos e Pesquisas (Brazil) _vno. 21 _x |
||
| 650 | _aPESQUISA AGRICOLA | ||
| 909 |
_a202312 _bLúcia Elande _c55 _dLúcia Elande |
||
| 942 |
_2AGRIS _n0 _cMS |
||
| 999 |
_c278749 _d278749 |
||